000
00233nam a22000857a 4500
008
161216b xxu||||| |||| 00| 0 eng d
100
_9
2091
_a
Chhabra.T.N.etal.
245
_a
Business Studies-XI
260
_a
New Delhi
_b
Arya Publications
_c
2015
999
_c
4970
_d
4970